Normal view
MARC view
- اعداد وتأليف، عبد الكريم الردايدة
Entry Personal Name
001 - CONTROL NUMBER
- control field: 21418
003 - CONTROL NUMBER IDENTIFIER
- control field: JO-AjAnu
005 - DATE AND TIME OF LATEST TRANSACTION
- control field: 20230606073718.0
008 - FIXED-LENGTH DATA ELEMENTS
- fixed length control field: 230606|| aca||aabn | a|a d
040 ## - CATALOGING SOURCE
- Original cataloging agency: JO-AjAnu
- Transcribing agency: JO-AjAnu
100 ## - HEADING--PERSONAL NAME
- Personal name: اعداد وتأليف، عبد الكريم الردايدة
670 ## - SOURCE DATA FOUND
- Source citation: Work cat.: (JO-AjAnu)11004: اعداد وتأليف، عبد الكريم الردايدة , author, الجامع الشرطي في إجراءات التحقيق الجنائي وأعمال الضابطة العدلية